Catálogo - Centro de Recursos para el Aprendizaje y la Investigación

Volver al Sitio - CRAI Biblioteca

Joaquín Balaguer : (Registro nro. 114340)

Detalles MARC
000 -CABECERA
campo de control de longitud fija 01558nam a2200301 4500
001 - NÚMERO DE CONTROL
campo de control 114340
003 - IDENTIFICADOR DEL NÚMERO DE CONTROL
campo de control DR-UNIBE
005 - FECHA Y HORA DE LA ÚLTIMA TRANSACCIÓN
campo de control 20260129090806.0
008 - DATOS DE LONGITUD FIJA--INFORMACIÓN GENERAL
campo de control de longitud fija 260128b2008 dr ||||| |||| 00| 0 spa d
020 ## - NÚMERO INTERNACIONAL ESTÁNDAR DEL LIBRO
Número Internacional Estándar del Libro 9789945001174
040 ## - FUENTE DE LA CATALOGACIÓN
Centro catalogador/agencia de origen BIBLIOTECA UNIBE
Lengua de catalogación spa
Centro/agencia transcriptor BIBLIOTECA UNIBE
Normas de descripción rda
041 ## - CÓDIGO DE LENGUA
Código de lengua del texto/banda sonora o título independiente spa
082 ## - NÚMERO DE LA CLASIFICACIÓN DECIMAL DEWEY
Número de clasificación RD 711.4097293 J623b
245 10 - MENCIÓN DE TÍTULO
Título Joaquín Balaguer :
Resto del título el estadista de la construcción y el urbanismo
250 ## - MENCIÓN DE EDICIÓN
Mención de edición Primera edición
260 ## - PUBLICACIÓN, DISTRIBUCIÓN, ETC.
Lugar de publicación, distribución, etc. Santo Domingo :
Nombre del editor, distribuidor, etc. Fundación Joaquín Balaguer,
Fecha de publicación, distribución, etc. 2008
300 ## - DESCRIPCIÓN FÍSICA
Extensión 435 páginas :
Otras características físicas fotos b/n y a color ;
Dimensiones 28 x 15 cm
500 ## - NOTA GENERAL
Nota general Información sobre Joaquín Balaguer en las solapas
505 ## - NOTA DE CONTENIDO CON FORMATO
Nota de contenido con formato Joaquín Balaguer constructor |<br/>Período 1966-1976 |<br/>Período 1986-1995 |<br/> Patrimonio cultural |<br/>Vialidad |<br/>Áreas verdes |<br/>Iglesias y monumentos |<br/>Zonas administrativas |<br/>Zonas culturales |<br/>Servicios |<br/>Viviendas |<br/>Instalaciones deportivas |<br/>Índice onomástico
650 #7 - PUNTO DE ACCESO ADICIONAL DE MATERIA--TÉRMINO DE MATERIA
Fuente del encabezamiento o término lemb
Término de materia o nombre geográfico como elemento de entrada Rehabilitación urbana
Subdivisión geográfica República Dominicana
Subdivisión cronológica 1966-1978, 1986-1996
9 (RLIN) 201899
650 #7 - PUNTO DE ACCESO ADICIONAL DE MATERIA--TÉRMINO DE MATERIA
Fuente del encabezamiento o término lemb
Término de materia o nombre geográfico como elemento de entrada Urbanismo
Subdivisión geográfica República Dominicana
Subdivisión cronológica 1966-1978, 1986-1996
9 (RLIN) 201900
651 #7 - PUNTO DE ACCESO ADICIONAL DE MATERIA--NOMBRE GEOGRÁFICO
Fuente del encabezamiento o término lemb
Nombre geográfico República Dominicana Presidente (1966-1978 : Balaguer)
9 (RLIN) 201895
651 #7 - PUNTO DE ACCESO ADICIONAL DE MATERIA--NOMBRE GEOGRÁFICO
Fuente del encabezamiento o término lemb
Nombre geográfico República Dominicana
Subdivisión general Política y gobierno
Subdivisión cronológica 1986-1996
9 (RLIN) 201896
700 10 - PUNTO DE ACCESO ADICIONAL--NOMBRE DE PERSONA
Nombre de persona Gerón, Cándido,
Fechas asociadas al nombre 1950-
Forma completa/desarrollada del nombre (Araújo Gerón, Cándido)
Títulos y otros términos asociados al nombre editor
9 (RLIN) 201890
700 10 - PUNTO DE ACCESO ADICIONAL--NOMBRE DE PERSONA
Nombre de persona Blanco Díaz, Andrés,
Fechas asociadas al nombre 1954-
9 (RLIN) 144547
Término indicativo de función/relación índice onomástico
700 10 - PUNTO DE ACCESO ADICIONAL--NOMBRE DE PERSONA
Nombre de persona Domínguez Novas, Juan Francisco
9 (RLIN) 127336
Término indicativo de función/relación composición
942 ## - ELEMENTOS DE PUNTO DE ACCESO ADICIONAL (KOHA)
Fuente del sistema de clasificación o colocación Sistema de Clasificación Decimal Dewey
Tipo de ítem Koha Libro (general)
Existencias
Estado de retiro Estado de pérdida Fuente del sistema de clasificación o colocación No para préstamo Código de colección Localización permanente Fecha de adquisición Total de préstamos Signatura topográfica completa Código de barras Fecha visto por última vez Número de copia Precio válido a partir de Tipo de ítem Koha
  Disponible Sistema de Clasificación Decimal Dewey   General - Libros dominicanos Biblioteca Central UNIBE 12/11/2025   RD 711.4097293 J623b 260059 28/01/2026 Ej. 1 28/01/2026 Libro (general)